Dimensiones sociales del concepto de crisis (Registro nro. 69967)
[ vista simple ]
| 000 -LÍDER | |
|---|---|
| Campo fijo de descripción fija | 01481nab a2200229 i 4500 |
| 001 - NÚMERO DE CONTROL | |
| Campo de control | 768714001 |
| 003 - IDENTIFICADOR DEL NÚMERO DE CONTROL | |
| Campo de control | CO-MdFUSB |
| 005 - FECHA Y HORA DE LA ULTIMA TRANSACCIÓN | |
| control field | 20240528150011.0 |
| 008 - ELEMENTOS DE LONGITUD FIJA -- INFORMACIÓN GENERAL | |
| Campo fijo de descripción fija -- Información general | 240528t1976 sp ||||| |||| 00| 0 spa d |
| 040 ## - FUENTE DE CATALOGACIÓN | |
| Idioma de catalogación | spa |
| Agencia que realiza la transcripción | CO-MdFUSB |
| Agencia que realiza la modificación | CO-MdFUSB |
| 041 ## - CÓDIGO DE IDIOMA | |
| Código de idioma para texto/pista de sonido o título separado | spa |
| 100 ## - ASIENTO PRINCIPAL--NOMBRE PERSONAL | |
| Nombre personal | Katz, Heiner, |
| Fechas asociadas con el nombre | 1935- |
| Término relacionador | autor |
| 245 ## - TÍTULO | |
| Título | Dimensiones sociales del concepto de crisis |
| Mención de responsabilidad | / Heiner Katz ; traducido por Jesús Larriba |
| 520 ## - NOTA DE RESUMEN, ETC. | |
| Nota de sumario, etc. | El repentino fracaso de los criterios que venían empleándose para valorar y ordenar los fenómenos y acontecimientos eclesiales se pone de manifiesto en el mismo momento en que se reconoce la necesidad de un cambio de comportamiento y la urgencia de iniciar un proceso de decisión. <br/>¿Pueden contribuir a esclarecer la situación, al menos en grado limitado, esquemas procedentes de la teoría de la crisis y elaborados en el ámbito de las ciencias sociales? Para responder a esta pregunta es necesario un análisis crítico adecuado del correspondiente punto de partida teórico y de los intereses que se insertan en el mismo y guían el proceso cognoscitivo. |
| 650 #7 - ASIENTO SECUNDARIO DE MATERIA - TERMINO TEMÁTICO | |
| Término temático o nombre geográfico como elemento de entrada | Iglesia |
| 9 (RLIN) | 655 |
| 650 #7 - ASIENTO SECUNDARIO DE MATERIA - TERMINO TEMÁTICO | |
| Término temático o nombre geográfico como elemento de entrada | Teología dogmática |
| 9 (RLIN) | 6937 |
| 653 ## - TÉRMINO DE INDIZACIÓN - NO CONTROLADO | |
| Término no controlado | La Iglesia en crisis |
| 700 ## - ENTR. SECUNDARIA - Nombre Personal (R) | |
| Nombre de persona | Larriba, Jesús, |
| Término indicativo de función | traductor |
| 773 0# - ASIENTO DE ITEM FUENTE | |
| Biblionumber | 49450 |
| Itemnumber | 82695 |
| Otro identificador del ítem | R2604 |
| Título | Revista internacional de teología Concilium |
| Número de control del registro | (CO-MdFUSB)8 |
| Número Internacional Normalizado para Publicaciones Seriadas (ISSN) | 0210-1041 |
| Parte(s) relacionada(s) / Volumen., número. (mes año), páginas | Volumen 114, (abril, 1976) páginas: 8 - 29 |
| Enumeración y primera página | página: 8 |
| 942 ## - TIPO DE MATERIAL (KOHA) | |
| Tipo de Item KOHA | Artículos de Revista |
| 945 ## - INFORMACIÓN LOCAL DEL REGISTRO | |
| Catalogador | Catherine Arias Álvarez - Practicante SENA |
No hay ítems disponibles.
